A Húsmanufaktúra Kft. marketing tevékenységének elemzése és a jövőbeli fejlődési lehetőségek

Bibliographic Details
Main Author: Pável Zsanett
Other Authors: Németh Szilárd
Format: Final Paper
Kulcsszavak:Marketing
Fogyasztói döntés
Fogyasztói vásárlási szokások
Online Access:http://dolgozattar.uni-bge.hu/12163

MARC

LEADER 00000nta a2200000 i 4500
001 dolg12163
005 20170518092426.0
008 170518suuuu hu o 000 hun d
040 |a BGE Dolgozattár Repozitórium  |b hun 
041 |a hu 
100 1 |a Pável Zsanett 
245 1 2 |a A Húsmanufaktúra Kft. marketing tevékenységének elemzése és a jövőbeli fejlődési lehetőségek  |c Pável Zsanett  |h [elektronikus dokumentum] 
516 |a Final_paper 
695 |a  Marketing  
695 |a Fogyasztói döntés 
695 |a Fogyasztói vásárlási szokások 
700 1 |a Németh Szilárd  |e ths 
856 4 0 |u http://dolgozattar.uni-bge.hu/12163/1/P%C3%A1vel%20Zsanett-M%C3%A9rn%C3%B6k-k%C3%B6zgazd%C3%A1sz%20%28esti%29-BGE%20%281%29.pdf  |z Dokumentum-elérés 
856 4 0 |u http://dolgozattar.uni-bge.hu/12163/2/Nyilatkozat.pdf  |z Dokumentum-elérés